000 00252nam a2200097Ia 4500
008 220204s9999 xx 000 0 und d
082 _a658.2
_bSMA
245 0 _aSmall ventures: Tactics and strategies
260 _aUSA
_bHarward College
_c1978
942 _cBK
999 _c37211
_d37211